| 000 | 00748 a2200217 4500 | ||
|---|---|---|---|
| 003 | Nust | ||
| 005 | 20221201141652.0 | ||
| 010 | _a 99016711 | ||
| 020 | _a3540661158 (alk. paper) | ||
| 040 | _cNust | ||
| 082 | 0 | 0 | _a539.7,POV |
| 245 | 1 | 0 |
_aParticles and nuclei : _ban introduction to the physical concepts / _cBogdan Povh ... [et al.] ; translated by Martin Lavelle. |
| 250 | _a2nd, rev. and enl. ed. | ||
| 260 |
_aNew York : _bSpringer, _c1999. |
||
| 300 |
_axii, 389 p. : _bill. ; _c25 cm. |
||
| 505 | _aAnalysis: The Building Blocks Of Matter (Page-11), Synthesis: Composite Systems (Page-167). | ||
| 650 | 0 |
_aNuclear physics. _9259 |
|
| 650 | 0 | _aParticles (Nuclear physics) | |
| 700 | 1 |
_aPovh, B. _9103928 |
|
| 942 |
_2ddc _cBK _k539.7,POV |
||
| 999 |
_c176928 _d176928 |
||